[Event "EYCC 2017"]
[Site "Mamaia"]
[Date "2017.09.06"]
[Round "2"]
[White "Sorokin, Aleksey"]
[Black "Arcuti, Davide"]
[Result "1-0"]
[WhiteElo "2486"]
[BlackElo "2349"]
[Annotator "TA"]
[PlyCount "88"]
[EventDate "2017.??.??"]
[EventType "swiss"]
[EventCountry "ROU"]
[SourceTitle "playchess.com"]
[Source "ChessBase"]
[SourceQuality "1"]

{[%evp 11,88,2,12,14,68,59,69,66,112,127,132,134,113,78,71,50,73,84,75,79,82,72,78,59,88,83,106,116,185,190,171,126,114,133,117,77,164,166,169,163,166,169,157,150,143,161,369,363,358,344,353,343,353,353,330,313,974,630,631,832,937,911,744,675,926,876,1184,1182,1173,754,29967,29970,29971,29971,29974,29975,29974,29970,29972]} 1. d4 Nf6 2. c4 e6 3. g3 d5 4. Bg2 Bb4+ 5. Nd2 O-O 6. Ngf3 dxc4 {LiveBook: 188 Games. E01: Catalan: Early deviations} 7. a3 Be7 ({Black should play} 7... Bxd2+ $11 8. Bxd2 Nc6) (7... Bxd2+ 8. Bxd2 Nc6 9. e3 Rb8 10. O-O b5 11. b3 cxb3 12. Qxb3 Bb7 13. Rfc1 Ne7 14. Bb4 {½-½ (24) Grischuk,A (2750)-Nakamura,H (2786) Moscow 2017}) 8. Nxc4 $14 c5 {White is slightly better.} 9. O-O Nc6 {[%cal Rc5d4]} 10. dxc5 Bxc5 11. b4 Be7 12. b5 $146 ({Predecessor:} 12. Bb2 Nd5 13. Qc2 Bf6 14. Bxf6 Qxf6 {1-0 (31) Askerov,M (2332)-Illina,N (2051) St Petersburg 2016}) 12... Na5 13. Nfe5 Nxc4 14. Nxc4 Qc7 15. Qb3 e5 {And now ...Be6 would win.} 16. b6 Qb8 17. Qb2 Nd7 18. bxa7 Rxa7 19. Be3 Ra4 (19... b6 $16) 20. Qb5 $18 Qa8 21. Rfc1 ({Avoid the trap} 21. Nxe5 $2 Ra5 $19) 21... Qa6 22. Qxa6 Rxa6 23. a4 {[%cal Ba3a4,Ba4a5][%mdl 32]} Bc5 {[#]} (23... f5 $16 {was necessary.}) 24. a5 $1 Re8 25. Bxc5 Nxc5 26. Nb6 Nb3 27. Nxc8 Nxa1 28. Rxa1 Rxc8 $2 (28... e4 {was worth a try.}) 29. Bxb7 Rca8 30. Bxa8 Rxa8 {[%mdl 4096] Endgame KR-KR} 31. a6 Ra7 32. f4 exf4 33. gxf4 f5 $2 (33... Kf8 34. e4 Ke7) 34. Kf2 Kf7 35. Ke3 Ke6 36. Kd4 Kd6 37. h4 g6 38. Ra2 Kc6 39. Ke5 Kc5 {[#]} 40. h5 $1 {[%mdl 512]} Kc4 (40... gxh5 41. Kxf5) 41. hxg6 {White mates.} hxg6 42. Kf6 Kd4 43. Kxg6 Ke4 44. Ra4+ Kd5 {Precision: White = 84%, Black = 27%.} 1-0

[Event "EYCC 2017"]
[Site "Mamaia"]
[Date "2017.09.06"]
[Round "2"]
[White "Van Foreest, Lucas"]
[Black "Olsen, Filip Boe"]
[Result "1-0"]
[WhiteElo "2485"]
[BlackElo "2279"]
[Annotator "TA"]
[PlyCount "101"]
[EventDate "2017.??.??"]
[EventType "swiss"]
[EventCountry "ROU"]
[SourceTitle "playchess.com"]
[Source "ChessBase"]
[SourceQuality "1"]

{[%evp 18,101,22,-60,50,-39,-42,-33,0,-57,-47,-43,-43,-41,0,0,0,0,27,15,21,13,21,21,29,17,52,52,41,0,21,0,46,41,37,13,46,53,110,105,163,163,173,179,180,168,188,144,154,141,278,274,257,260,354,270,272,281,330,0,0,0,0,0,303,276,289,282,297,271,310,245,378,324,451,283,494,491,591,555,577,555,604,543,526,525]} 1. d4 d5 2. c4 c6 3. Nf3 Nf6 4. Nc3 dxc4 5. a4 Bf5 6. Ne5 Nbd7 7. Nxc4 Nb6 8. Ne5 a5 9. f3 {D17: Slav Defence: 5 a4 Bf5: Lines with 6 Nh4 and 6 Ne5} (9. h4 e6 10. f3 h6 11. e4 Bh7 12. Be3 Nfd7 13. Nd3 Bd6 14. Bf2 O-O 15. Qb3 Qe7 16. g4 Kh8 {0-1 (32) So,W (2812)-Giri,A (2771) Leuven 2017}) 9... Nfd7 10. Nd3 {LiveBook: 13 Games} (10. Nxd7 $11 Nxd7 11. e4) 10... Bg6 $146 (10... Bxd3 $15 11. Qxd3 e5) ({Predecessor:} 10... e5 11. dxe5 Nc5 12. e4 Be6 13. Be3 Nb3 14. Nf4 Nxa1 15. Nxe6 fxe6 16. Qxa1 Bb4 {0-1 (32) Cori Tello,D (2409)-Caruana,F (2675) Villafranca 2010}) 11. Bg5 (11. e4 $14) 11... f6 $15 12. Bh4 e5 13. Nxe5 (13. dxe5 $1 $11 Nxe5 14. Nxe5 Qxd1+ 15. Kxd1 fxe5 16. e4) 13... Nxe5 14. dxe5 {Strongly threatening Qxd8+.} Qxd1+ 15. Kxd1 fxe5 (15... O-O-O+ {seems wilder.} 16. Kc1 Nc4 17. e4 Nxe5 18. Bf2 Bb4) 16. e4 Bc5 17. Kc2 Nd5 18. Nxd5 cxd5 19. Bb5+ Kf7 20. Kb3 dxe4 21. fxe4 Rhc8 22. Bc4+ Ke8 23. Bb5+ Kf7 24. Bc4+ Ke8 25. Rhf1 {Threatens to win with Bb5+.} Kd7 26. Rfd1+ Kc6 27. Be6 {Rac1 is the strong threat.} Rf8 {[#]} (27... Bxe4 $14 28. Rac1 b6) 28. Rac1 $1 $16 {And now Be7 would win.} Kb6 (28... Bxe4 $16 29. Be7 b6) 29. Rd5 $18 Bd4 {[#]} 30. Rb5+ $1 Ka6 31. Bd5 $36 {[%mdl 2048] White has strong initiative.} Bf7 32. Rc7 Bxd5+ 33. exd5 (33. Rxd5 $6 Rf4 $11) 33... e4 (33... g5 $16) 34. d6 (34. Rbxb7 Rfb8 $11) 34... e3 35. Rcxb7 g5 36. Bg3 (36. Bxg5 e2 $18) 36... e2 37. Re7 Rfe8 38. Rxg5 $2 (38. Kc4 $18 Bb6 39. Rbe5) 38... Bf6 $1 $11 {[%csl LRe7,LRg5]} 39. Rxe8 Rxe8 {[%mdl 4096] Endgame KRB-KRB} 40. Rf5 Be5 $2 {[%mdl 8192]} (40... Re3+ $11 {and Black is okay.} 41. Ka2 Rxg3 42. Rxf6 Kb7) 41. Be1 $18 (41. Rxe5 $2 Rxe5 42. Kc2 Rd5 $19) 41... Bxd6 42. Rxa5+ Kb6 43. Rh5 Kc6 44. Kc2 ({Don't play} 44. Rxh7 $6 Rf8 $18) 44... Rf8 (44... Re4 $142 45. Kd3 (45. Rxh7 Rd4 $14) 45... Rxa4) 45. Kd3 Rg8 46. g3 Re8 $2 (46... Rb8 {is a better defense.} 47. Rxh7 Rxb2) 47. b4 {[%cal Bb2b4,Bb4b5][%mdl 32] White is clearly winning.} Re7 48. b5+ Kb7 49. Rh4 Rd7 {With the idea ...Bxg3+.} 50. Kxe2 Re7+ 51. Kf1 {Precision: White = 59%, Black = 33%.} 1-0

[Event "EYCC 2017"]
[Site "Mamaia"]
[Date "2017.09.06"]
[Round "2"]
[White "Thybo, Jesper Sondergaard"]
[Black "Radovic, Janko"]
[Result "0-1"]
[WhiteElo "2466"]
[BlackElo "2330"]
[Annotator "TA"]
[PlyCount "84"]
[EventDate "2017.??.??"]
[EventType "swiss"]
[EventCountry "ROU"]
[SourceTitle "playchess.com"]
[Source "ChessBase"]
[SourceQuality "1"]

{[%evp 20,84,24,18,36,36,30,27,29,32,93,60,127,124,104,96,143,107,119,129,111,50,50,50,50,50,50,0,134,139,131,118,96,102,110,100,106,0,0,0,0,0,0,0,0,-746,-745,-731,-718,-5851,-5851,-5843,-441,-5843,-5843,-5843,-5843,-5843,-5293,-912,-902,-872,-872,-803,-803,-29980,-29981]} 1. Nf3 Nf6 2. c4 e6 3. g3 d5 4. Bg2 Be7 5. O-O O-O 6. d4 dxc4 7. Qc2 a6 8. a4 Bd7 9. Rd1 {E05: Open Catalan: 5 Nf3 Be7} (9. Qxc4 Bc6 10. Bf4 Nbd7 11. Nc3 Bd6 12. a5 Bxf4 13. gxf4 Nd5 14. e3 Nxc3 15. Qxc3 Bxf3 16. Bxf3 c6 17. Kh1 Qe7 18. Rg1 g6 19. Rg5 {½-½ (80) Aronian,L (2793)-Kramnik,V (2808) Leuven 2017}) 9... Bc6 10. Bg5 Nbd7 11. Nbd2 {LiveBook: 6 Games. White has an edge.} b5 12. b3 h6 $146 ({Predecessor:} 12... c3 13. Qxc3 Bb7 14. Bxf6 Nxf6 15. axb5 axb5 16. Rxa8 Bxa8 {1-0 (83) Thybo,J (2465)-Spitzl,V (2348) Warsaw 2017}) 13. Bxf6 Nxf6 14. bxc4 b4 (14... bxc4 $14 15. Nxc4 Be4) 15. a5 Qc8 (15... Rb8 $14) 16. e4 $1 $16 {[%cal Be2e4,Be4e5][%mdl 32]} Rd8 17. e5 Nh7 18. Ng5 hxg5 19. Bxc6 Rxd4 20. Bxa8 (20. Nb3 $1 $16 {[%cal Rb3d4]} Rxd1+ 21. Rxd1) 20... Qxa8 $14 21. Nb3 Rxd1+ 22. Qxd1 Nf8 23. c5 Qe4 {[#]} (23... Ng6 $1 $11) 24. Qd4 $1 $16 {[%cal Rd4e4]} Qf3 25. Qxb4 Ng6 26. Re1 Qd5 27. Qc3 g4 28. c6 (28. Qe3 $16) 28... Bg5 $11 29. h3 gxh3 {[%csl Gh3][%cal Rd5g2]} 30. f3 f6 31. Kh2 Nxe5 $40 {[%mdl 128] Black is up to no good.} 32. Rf1 $2 {[%mdl 8192] [#]} (32. Re4 $11) 32... Ng4+ $1 $19 {[%mdl 512]} 33. Kxh3 (33. fxg4 Qg2#) 33... Ne3 {( -> ...Qf5+)} 34. Nd2 Qf5+ 35. Kh2 Qh7+ 36. Kg1 Qh3 {[%csl Ge3][%cal Rh3g2]} 37. Kf2 Qg2+ 38. Ke1 Qxg3+ 39. Ke2 Nxf1 40. Kxf1 Bxd2 41. Qxd2 Qxf3+ 42. Ke1 Qh1+ {Precision: White = 62%, Black = 78%.} 0-1

[Event "EYCC 2017"]
[Site "Mamaia"]
[Date "2017.09.06"]
[Round "2"]
[White "Morozov, Nichita"]
[Black "Domingo Nunez, Alejandro"]
[Result "1-0"]
[WhiteElo "2461"]
[BlackElo "2321"]
[Annotator "TA"]
[PlyCount "41"]
[EventDate "2017.??.??"]
[EventType "swiss"]
[EventCountry "ROU"]
[SourceTitle "playchess.com"]
[Source "ChessBase"]
[SourceQuality "1"]

{[%evp 12,41,15,10,10,18,14,12,25,13,45,43,30,35,24,22,116,101,97,58,174,179,166,105,462,439,588,576,581,566,768,752]} 1. e4 c5 2. Nf3 e6 3. g3 Nc6 4. d3 g6 5. c3 Bg7 6. Bg2 Nge7 7. h4 {LiveBook: 20 Games. B30: Sicilian: 2...Nc6 3 Bb5, lines without ...g6} (7. O-O O-O 8. Re1 e5 9. Nbd2 d6 10. a4 h6 11. Nc4 Be6 12. Nfd2 f5 13. exf5 gxf5 14. f4 Qd7 15. Nf1 Ng6 16. fxe5 dxe5 17. Be3 b6 18. Qh5 Kh7 19. Bxh6 Bxh6 20. Bxc6 Qxc6 21. Qxg6+ Kxg6 22. Nxe5+ {0-1 (44) Inarkiev,E (2682)-Vitiugov,N (2742) Dubai 2014}) 7... h5 8. O-O O-O 9. d4 $146 {The position is equal.} ({Predecessor:} 9. Re1 e5 10. Nbd2 d6 11. Nf1 b5 12. Ne3 Rb8 13. Ng5 f6 14. Nh3 Be6 15. Nd5 Qd7 16. Kh2 Bf7 {1-0 (16) Nun,J (2303)-Dvorak,A (2185) Pardubice 2017}) 9... cxd4 10. cxd4 d5 11. e5 $1 Nf5 12. Nc3 b5 13. Bh3 ({Reject} 13. Nxb5 Qb6 $15) 13... Ba6 (13... Nce7 $11) 14. Bg5 Qd7 15. Re1 Rac8 (15... Nce7 $1 $14) 16. Bxf5 $1 $18 exf5 17. Qb3 (17. Ne2 $18) 17... Na5 $2 {[%mdl 8192] [#]} (17... b4 $16 {is more resistant.} 18. Na4 (18. Qxd5 Rc7 $14) (18. Nxd5 Rfe8 $14) 18... Bc4) 18. Qa3 {White is clearly winning.} Nc4 19. Qxa6 b4 20. Qb5 Qe6 21. Nxd5 {Precision: White = 95%, Black = 33%.} 1-0

[Event "EYCC 2017"]
[Site "Mamaia"]
[Date "2017.09.06"]
[Round "2"]
[White "Janik, Igor"]
[Black "Akhvlediani, Irakli"]
[Result "0-1"]
[WhiteElo "2418"]
[BlackElo "2303"]
[Annotator "TA"]
[PlyCount "68"]
[EventDate "2017.??.??"]
[EventType "swiss"]
[EventCountry "ROU"]
[SourceTitle "playchess.com"]
[Source "ChessBase"]
[SourceQuality "1"]

{[%evp 21,68,23,22,11,43,37,44,37,40,13,18,12,12,16,36,28,33,37,52,33,45,21,32,8,1,0,0,-278,-193,-552,-540,-575,-563,-547,-510,-499,-219,-211,-227,-266,-269,-444,-472,-470,-472,-470,-453,-625,-620]} 1. Nf3 Nf6 2. g3 g6 3. b3 Bg7 4. Bb2 O-O 5. Bg2 c5 6. c4 Nc6 7. O-O d6 8. d4 cxd4 9. Nxd4 Bd7 10. Nc3 Rc8 11. e3 {E60: King's Indian: Unusual lines and Fianchetto Variation without Nc3} a6 {LiveBook: 19 Games} 12. a4 Na5 $146 ({Find the theoretical novelty and annotate with similar games:} 12... Nxd4 13. exd4 Bc6 14. d5 Bd7 15. a5 Bf5 16. Ne2 Qd7 17. Re1 Bh3 18. Bh1 Rfe8 19. Nf4 {1-0 (54) Tomashevsky,E (2664)-Jobava,B (2669) Budva 2009}) 13. Rb1 {White is slightly better.} Qb6 14. Ba3 Rfd8 15. Qd3 Nc6 16. Rfd1 Nxd4 17. Qxd4 Qc7 18. Qd2 Bg4 19. Rdc1 Qd7 20. a5 Bh3 21. Bh1 Qf5 22. Na4 Ne4 23. Qc2 Ng5 24. Qd1 $2 {[%mdl 8192]} (24. Qxf5 $11 {and White has nothing to worry.} Bxf5 25. h4 Bxb1 26. Rxb1) 24... Bg4 {[#] ( -> ...Nh3+)} (24... Qxa5 25. Bxb7 Rb8 26. Bd5 $15) ({And not} 24... Ne4 25. f3 $11) 25. Qd2 $2 (25. Qc2) 25... Bf3 $19 26. e4 Qxe4 27. Qxg5 {Re1 is the strong threat.} Bxh1 {[%csl Gh1][%cal Re4g2]} 28. Qd5 {[#]} e6 $40 {[%mdl 128] Black has strong attack.} (28... Qxb1 $142 $1 {[%mdl 512]} 29. Rxb1 Bxd5 30. cxd5 Rc2) 29. Qxe4 Bxe4 30. Nb6 Rc6 31. b4 $2 (31. Rb2 {keeps fighting.}) 31... Bxb1 {Black is clearly winning.} 32. Rxb1 Bd4 33. b5 axb5 34. cxb5 Rc2 {Precision: White = 40%, Black = 62%.} 0-1

[Event "EYCC 2017"]
[Site "Mamaia"]
[Date "2017.09.06"]
[Round "2"]
[White "Vrolijk, Liam"]
[Black "Coiffait, Pierre-Basile"]
[Result "1-0"]
[WhiteElo "2418"]
[BlackElo "2260"]
[Annotator "TA"]
[PlyCount "49"]
[EventDate "2017.??.??"]
[EventType "swiss"]
[EventCountry "ROU"]
[SourceTitle "playchess.com"]
[Source "ChessBase"]
[SourceQuality "1"]

{[%evp 15,49,33,35,34,89,65,76,66,87,78,80,65,60,73,70,60,54,54,56,59,72,56,72,70,69,45,45,39,29,6,19,6,4,6,29997,29998]} 1. d4 d5 2. c4 e6 3. Nc3 Bb4 4. a3 Bxc3+ 5. bxc3 c6 6. e3 Nf6 7. cxd5 exd5 8. Bd3 O-O 9. Ne2 {E40: Nimzo-Indian: Rubinstein (4 e3): Unusual Black 4th moves} Ne8 $146 (9... b6 $14) ({Predecessor:} 9... Re8 10. O-O b6 11. f3 Ba6 12. Bxa6 Nxa6 13. Qd3 Nc7 14. Ng3 c5 15. Bb2 Ne6 16. Rad1 Rc8 {0-1 (38) Sanchiz Marti,J (1992)-Lucas Leon,A (1863) Mislata 2014}) 10. O-O Nd6 11. Ng3 {White is better.} f5 12. f3 Nd7 13. e4 fxe4 14. fxe4 dxe4 15. Nxe4 Nxe4 16. Bxe4 Rxf1+ 17. Qxf1 Qh4 18. Bf4 {aiming for Qc4+.} Nb6 19. Re1 {Threatens to win with Bd5+!} Bd7 20. Bd6 (20. Bg3 $5 {[%cal Rg3h4]} Qh5 21. Qd3 $16) 20... Qh6 21. Bb4 $36 {[%mdl 2048] White is pushing.} Be6 22. Qd3 Bd5 23. Bf5 Nc4 24. Qe2 {White wants to mate with Qe8+!} a5 $2 {[%mdl 8192] [#]} (24... Kh8 $11) 25. Qe8+ $1 {[%mdl 512] Precision: White = 81%, Black = 60%.} 1-0

[Event "EYCC 2017"]
[Site "Mamaia"]
[Date "2017.09.06"]
[Round "2"]
[White "Burri, Quentin"]
[Black "Chukavin, Kirill"]
[Result "1/2-1/2"]
[WhiteElo "2412"]
[BlackElo "2226"]
[Annotator "TA"]
[PlyCount "173"]
[EventDate "2017.??.??"]
[EventType "swiss"]
[EventCountry "ROU"]
[SourceTitle "playchess.com"]
[Source "ChessBase"]
[SourceQuality "1"]

{[%evp 22,173,65,63,72,72,72,72,79,14,61,66,74,42,42,33,32,33,35,39,41,34,107,105,117,117,116,123,145,145,145,137,145,144,135,130,135,114,117,119,116,106,124,89,138,121,139,95,97,111,173,168,280,254,273,251,241,172,155,129,133,129,128,126,129,118,129,129,136,136,136,79,136,136,136,13,124,0,56,0,0,0,0,0,0,0,0,0,0,0,0,0,0,0,0,0,0,0,0,0,0,0,0,0,0,0,0,0,0,0,0,0,0,0,0,0,0,0,0,0,0,0,0,0,0,0,0,0,0,0,0,0,0,0,0,0,0,0,0,0,0,0,0,0,0,0,0,0,0,0,0,0,0,0]} 1. e4 c5 2. Nf3 e6 3. d4 cxd4 4. Nxd4 Nf6 5. Nc3 d6 6. g4 h6 7. Bg2 Nc6 8. h3 a6 9. Nxc6 {B81: Sicilian Scheveningen: Keres Attack} bxc6 10. e5 Nd5 11. exd6 Bxd6 12. Ne4 $1 {LiveBook: 5 Games} O-O (12... Be5 13. O-O Qc7 14. c4 Nf4 15. Bxf4 Bxf4 16. Qf3 O-O {0-1 (58) Ganguly,S (2668)-Vachier Lagrave,M (2804) Doha 2016}) 13. Nxd6 $146 ({Predecessor:} 13. c4 Bb4+ 14. Bd2 Bxd2+ 15. Qxd2 Qe7 16. O-O Nb6 {1-0 (31) Liu,G (2453)-Wu,X (2232) Beijing 2017}) 13... Qxd6 14. O-O {Hoping for c4.} Qc7 15. Qf3 (15. c4 $16 Ne7 16. Qd3) 15... e5 16. c4 Ne7 17. Rd1 f5 18. g5 hxg5 19. Bxg5 e4 20. Qa3 $36 {[%mdl 2048] White is pushing.} Ng6 21. Qc5 {Black must now prevent Rd6.} Qe5 (21... Ne5 $14) 22. Qxc6 $16 Be6 23. Qd6 Rfe8 24. b3 Qxd6 25. Rxd6 Ne5 26. Rb6 Nd7 27. Rb7 Nc5 28. Rc7 Rec8 29. Rxc8+ Rxc8 30. Bf1 a5 31. Be3 Kf7 32. Rb1 Nb7 33. Rc1 Nc5 34. Bxc5 Rxc5 {[%mdl 4096] Endgame [#] KRB-KRB} 35. a3 $1 {[%cal Ba2a3,Ba3b4,Bb4b5][%mdl 32]} g5 (35... f4 $16) 36. b4 $18 axb4 (36... Re5 $142 37. c5 axb4 38. axb4 Ke7) 37. axb4 Rc8 38. c5 Ke7 39. b5 Bd5 40. c6 Kd6 41. Bc4 Bxc6 42. bxc6 Rxc6 $16 {KRB-KR} 43. Rd1+ Ke5 44. Rd5+ Kf4 45. Bb5 Rf6 46. Kf1 (46. Kg2 $142) 46... Rh6 (46... g4 $142) 47. Bd7 {[%csl Gd7][%cal Rd5f5] [#]} Rf6 48. Ke2 (48. Kg2 $16) 48... Rf8 (48... g4 $1 $11) 49. Kd2 (49. Rd6 $16) 49... Rf6 (49... g4 $11 50. h4 g3 51. fxg3+ Kxg3) 50. Kc3 ({White should play} 50. Bb5 $14) 50... g4 $11 {The position is equal.} 51. h4 g3 52. fxg3+ Kxg3 53. Bxf5 {And now h5 would win.} Kxh4 54. Kd4 Ra6 (54... e3 $5) 55. Ke3 Ra3+ 56. Kf4 {White wants to mate with Bg4.} Rf3+ 57. Kxe4 Kg3 58. Rd8 Rf4+ 59. Ke5 Ra4 60. Rd3+ Kf2 61. Be4 Ra7 62. Rb3 Ke2 63. Bd5 Ra4 64. Bc6 Rh4 65. Be4 Rh8 66. Kd4 Rd8+ 67. Bd5 Kf2 68. Rf3+ Ke2 69. Rg3 Kd2 70. Rg2+ Kd1 71. Ke4 Kc1 72. Bc4 Rd2 73. Rg7 Rd8 74. Rb7 Kc2 75. Bd5 Kc3 76. Rc7+ Kd2 77. Kd4 Kd1 78. Rc3 Kd2 79. Rc5 Rd7 80. Ra5 Rd8 81. Ra2+ Kd1 82. Rb2 Kc1 83. Rh2 Kd1 84. Rg2 Rd7 85. Rg4 Kd2 86. Rh4 Rd8 87. Rh2+ {Precision: White = 70%, Black = 68%.} 1/2-1/2

[Event "EYCC 2017"]
[Site "Mamaia"]
[Date "2017.09.06"]
[Round "2"]
[White "Henderson de La Fuente, Lance"]
[Black "Suvorov, Alexander"]
[Result "1-0"]
[WhiteElo "2408"]
[BlackElo "2157"]
[Annotator "NA"]
[PlyCount "79"]
[EventDate "2017.??.??"]
[EventType "swiss"]
[EventCountry "ROU"]
[SourceTitle "playchess.com"]
[Source "ChessBase"]
[SourceQuality "1"]
[TimeControl "40/5400+30:1800+30"]

1. e4 {[%emt 0:00:00]} c6 {[%emt 0:00:08]} 2. d4 {[%emt 0:00:00]} d5 {[%emt 0:00:16]} 3. e5 {[%emt 0:00:08]} Bf5 {[%emt 0:00:25]} 4. h4 {[%emt 0:00:16]} h5 {[%emt 0:01:13]} 5. Bd3 {[%emt 0:00:27]} Bxd3 {[%emt 0:03:37]} 6. Qxd3 {[%emt 0:00:08]} e6 {[%emt 0:00:59]} 7. Bg5 {[%emt 0:00:11]} Qb6 {[%emt 0:02:34]} 8. Nd2 {[%emt 0:00:09]} Nh6 {[%emt 0:08:28]} 9. Ne2 {[%emt 0:02:05]} Nf5 {[%emt 0:01:37]} 10. O-O {[%emt 0:02:08]} Nd7 {[%emt 0:04:29]} 11. c4 {[%emt 0:05:06]} dxc4 {[%emt 0:10:35]} 12. Nxc4 {[%emt 0:00:19]} Qc7 {[%emt 0:02:02]} 13. Ng3 {[%emt 0:05:14]} Nxg3 {[%emt 0:07:04]} 14. fxg3 {[%emt 0:00:19]} Nb6 {[%emt 0:07:06]} 15. Nxb6 {[%emt 0:00:44]} axb6 {[%emt 0:01:02]} 16. Qf3 {[%emt 0:03:32]} g6 {[%emt 0:19:47]} 17. a3 {[%emt 0:10:33]} Bg7 {[%emt 0:04:01]} 18. Rf2 {[%emt 0:00:46]} Ra5 {[%emt 0:03:11]} 19. Raf1 {[%emt 0:00:53]} Rf8 {[%emt 0:00:11]} 20. g4 {[%emt 0:05:02]} hxg4 {[%emt 0:02:45]} 21. Qxg4 {[%emt 0:00:02]} Rd5 {[%emt 0:01:00]} 22. Be3 {[%emt 0:03:54]} c5 {[%emt 0:04:50]} 23. Rxf7 {[%emt 0:02:39]} Qxf7 {[%emt 0:09:20]} 24. Rxf7 {[%emt 0:00:06]} Kxf7 {[%emt 0:00:05]} 25. h5 {[%emt 0:00:11]} g5 {[%emt 0:00:57]} 26. Qxg5 {[%emt 0:00:50]} Bh8 {[%emt 0:02:19]} 27. Qg6+ {[%emt 0:01:01]} Ke7 {[%emt 0:00:02]} 28. Bh6 {[%emt 0:00:25]} Rf7 {[%emt 0:02:51]} 29. Bg5+ {[%emt 0:02:39]} Kf8 {[%emt 0:00:03]} 30. Qxe6 {[%emt 0:00:13]} Rxd4 {[%emt 0:01:03]} 31. Qc8+ {[%emt 0:00:13]} Kg7 {[%emt 0:00:18]} 32. Bf6+ {[%emt 0:00:02]} Rxf6 {[%emt 0:00:21]} 33. exf6+ {[%emt 0:00:03]} Kh7 {[%emt 0:00:10]} 34. Qf5+ {[%emt 0:00:30]} Kg8 {[%emt 0:00:03]} 35. f7+ {[%emt 0:01:42]} Kf8 {[%emt 0:00:04]} 36. Qh7 {[%emt 0:00:08]} Rd1+ {[%emt 0:01:23]} 37. Kf2 {[%emt 0:00:02]} Rd2+ {[%emt 0:00:35]} 38. Ke3 {[%emt 0:00:30]} Rxg2 {[%emt 0:01:56]} 39. Qxh8+ {[%emt 0:00:13]} Kxf7 {[%emt 0:00:07]} 40. Qh7+ {[%emt 0:00:00]} 1-0

[Event "EYCC 2017"]
[Site "Mamaia"]
[Date "2017.09.06"]
[Round "2"]
[White "Haria, Ravi"]
[Black "Haring, Viktor"]
[Result "1/2-1/2"]
[WhiteElo "2398"]
[BlackElo "2297"]
[Annotator "NA"]
[PlyCount "123"]
[EventDate "2017.??.??"]
[EventType "swiss"]
[EventCountry "ROU"]
[SourceTitle "playchess.com"]
[Source "ChessBase"]
[SourceQuality "1"]
[TimeControl "40/5400+30:1800+30"]

1. e4 {[%emt 0:00:00]} c5 {[%emt 0:00:23]} 2. Nf3 {[%emt 0:00:00]} e6 {[%emt 0:00:38]} 3. c3 {[%emt 0:00:00]} Nf6 {[%emt 0:00:39]} 4. e5 {[%emt 0:00:43]} Nd5 {[%emt 0:00:12]} 5. d4 {[%emt 0:00:18]} cxd4 {[%emt 0:01:01]} 6. cxd4 {[%emt 0:00:12]} d6 {[%emt 0:01:32]} 7. Bc4 {[%emt 0:01:58]} Nb6 {[%emt 0:04:03]} 8. Bb3 {[%emt 0:01:38]} dxe5 {[%emt 0:07:00]} 9. Nxe5 {[%emt 0:00:59]} Nc6 {[%emt 0:01:04]} 10. Nxc6 {[%emt 0:08:57]} bxc6 {[%emt 0:00:10]} 11. O-O {[%emt 0:02:47]} Be7 {[%emt 0:04:20]} 12. Nc3 {[%emt 0:06:31]} O-O {[%emt 0:03:05]} 13. Ne4 {[%emt 0:03:12]} Ba6 {[%emt 0:06:59]} 14. Re1 {[%emt 0:00:34]} Bc4 {[%emt 0:05:33]} 15. Bc2 {[%emt 0:05:59]} f5 {[%emt 0:20:25]} 16. Nc5 {[%emt 0:11:02]} Bxc5 {[%emt 0:04:05]} 17. dxc5 {[%emt 0:00:06]} Qxd1 {[%emt 0:00:30]} 18. Rxd1 {[%emt 0:00:40]} Nd5 {[%emt 0:00:45]} 19. Rd4 {[%emt 0:02:48]} Ba6 {[%emt 0:00:54]} 20. Bb3 {[%emt 0:06:48]} Kh8 {[%emt 0:08:54]} 21. Rd1 {[%emt 0:10:34]} h6 {[%emt 0:11:35]} 22. Bd2 {[%emt 0:01:08]} Rad8 {[%emt 0:04:19]} 23. Ba5 {[%emt 0:00:21]} Rd7 {[%emt 0:10:07]} 24. Rd2 {[%emt 0:04:03]} Rb7 {[%emt 0:02:32]} 25. Re1 {[%emt 0:18:40]} Rb5 {[%emt 0:00:10]} 26. Bxd5 {[%emt 0:00:16]} exd5 {[%emt 0:01:55]} 27. Bc7 {[%emt 0:07:13]} Rb7 {[%emt 0:00:31]} 28. Bd6 {[%emt 0:00:13]} Rff7 {[%emt 0:00:28]} 29. f3 {[%emt 0:01:03]} Kh7 {[%emt 0:00:36]} 30. b3 {[%emt 0:00:32]} Rbd7 {[%emt 0:00:26]} 31. Kf2 {[%emt 0:00:30]} f4 {[%emt 0:00:31]} 32. Rd4 {[%emt 0:00:06]} g5 {[%emt 0:00:08]} 33. Re6 {[%emt 0:00:51]} Rd8 {[%emt 0:00:40]} 34. h4 {[%emt 0:02:13]} Bc8 {[%emt 0:00:19]} 35. Re5 {[%emt 0:00:23]} Rg8 {[%emt 0:00:34]} 36. hxg5 {[%emt 0:01:32]} hxg5 {[%emt 0:00:06]} 37. g4 {[%emt 0:00:00]} fxg3+ {[%emt 0:00:35]} 38. Kxg3 {[%emt 0:00:44]} Kg6 {[%emt 0:00:49]} 39. Be7 {[%emt 0:01:07]} Rf5 {[%emt 0:00:29]} 40. Rxf5 {[%emt 0:00:00]} Kxf5 {[%emt 0:00:23]} 41. Ra4 {[%emt 0:03:53]} Rg7 {[%emt 0:18:14]} 42. Bd6 {[%emt 0:08:50]} Rh7 {[%emt 0:02:28]} 43. Kf2 {[%emt 0:01:44]} a6 {[%emt 0:01:08]} 44. Rb4 {[%emt 0:05:35]} Rb7 {[%emt 0:00:32]} 45. Rd4 {[%emt 0:02:55]} Rg7 {[%emt 0:02:26]} 46. Kg3 {[%emt 0:00:27]} Kf6 {[%emt 0:01:07]} 47. Rd1 {[%emt 0:00:48]} Rh7 {[%emt 0:04:00]} 48. Re1 {[%emt 0:00:35]} Be6 {[%emt 0:00:11]} 49. Be5+ {[%emt 0:00:13]} Kf7 {[%emt 0:00:25]} 50. Bc7 {[%emt 0:01:44]} Rh8 {[%emt 0:01:10]} 51. Rd1 {[%emt 0:01:14]} Rh3+ {[%emt 0:00:55]} 52. Kg2 {[%emt 0:00:30]} Rh8 {[%emt 0:00:57]} 53. Bg3 {[%emt 0:00:47]} Bf5 {[%emt 0:01:07]} 54. Rd4 {[%emt 0:00:06]} Re8 {[%emt 0:00:47]} 55. Kf2 {[%emt 0:00:26]} Bb1 {[%emt 0:00:37]} 56. a3 {[%emt 0:05:41]} Bc2 {[%emt 0:00:34]} 57. Rb4 {[%emt 0:01:37]} Bd3 {[%emt 0:00:16]} 58. Bd6 {[%emt 0:01:03]} Re2+ {[%emt 0:01:05]} 59. Kg3 {[%emt 0:00:01]} Re3 {[%emt 0:00:41]} 60. Kf2 {[%emt 0:01:54]} Re2+ {[%emt 0:00:07]} 61. Kg3 {[%emt 0:00:01]} Re3 {[%emt 0:00:16]} 62. Kf2 {[%emt 0:01:20]} 1/2-1/2